| 000 | 00743nam a22002057a 4500 | ||
|---|---|---|---|
| 003 | BD-DhUL | ||
| 005 | 20231211112543.0 | ||
| 008 | 231211s2021 bg ||||| |||| 00| 0 ben d | ||
| 020 | _a9789849541202 (hbk) | ||
| 040 |
_aBD-DhUL _cBD-DhUL |
||
| 082 |
_a700.92 _bKAM |
||
| 100 | _aকবির উদ্দিন | ||
| 245 |
_aমহান রেনেসাঁ-শিল্পী টিসিয়ান / _cকবির উদ্দিন |
||
| 260 |
_aঢাকা : _bদিব্যপ্রকাশ, _c2021 । |
||
| 300 |
_a৯৬ পৃ. : _bচিত্র (রঙিন) ; _c২২ সেমি |
||
| 365 |
_aBDT _b200.0 |
||
| 650 | _aটিসিয়ান - জীবনী | ||
| 650 |
_aT.Cyn _xBiography |
||
| 942 |
_2ddc _cBK |
||
| 999 |
_c258637 _d258637 |
||